000 01686nam a2200217 4500
003 NALT
005 20251024152248.0
008 200213b th ||||| |||| 00| 0 tha d
040 _aNALT
090 _aKD 212.23
_bส226ว 2562
110 2 _aสำนักงานเลขาธิการสภาผู้แทนราษฎร.
_bสำนักงบประมาณของรัฐสภา
_93737
245 1 0 _aวิเคราะห์ประเด็นข้อสังเกตของคณะกรรมาธิการวิสามัญพิจารณาร่างพระราชบัญญัติงบประมาณรายจ่ายประจำปี ประจำปีงบประมาณ พ.ศ. 2560-2562 (รายงานการวิเคราะห์ของสำนักงบประมาณของรัฐสภา ฉบับที่ 1/2562) /
_cสำนักงบประมาณของรัฐสภา สำนักงานเลขาธิการสภาผู้แทนราษฎร.
250 _aพิมพ์ครั้งที่ 1
260 _aกรุงเทพฯ :
_bสำนักงบประมาณของรัฐสภา สำนักงานเลขาธิการสภาผู้แทนราษฎร,
_c2562.
300 _a194 หน้า :
_bตาราง ;
_c30 ซม.
650 0 _aงบประมาณ
_zไทย
_y2560-2562
_943684
850 _aNALT
856 4 0 _uhttps://hdl.handle.net/20.500.14156/552819
942 _cLB
_2local
999 _c96608
_d96608
998 _j4612
_k นางสาววัลยา พุ่มต้นวงค์